La ciencia natural del hombre
Saved in:
| Hovedforfatter: | |
|---|---|
| Format: | Bog |
| Sprog: | spansk |
| Udgivet: |
Barcelona
Tusquets
1993
|
| Serier: | Metatemas, 32
|
| Fag: | |
| Tags: |
Tilføj Tag
Ingen Tags, Vær først til at tagge denne postø!
|
MARC
| LEADER | 00000nam a2200000 a 4500 | ||
|---|---|---|---|
| 001 | UCY9091 | ||
| 003 | CL-VaPUC | ||
| 008 | 950713e19930000SP |||||||||||||||||spa|d | ||
| 082 | 0 | 4 | |a 156 |b LOR |2 21 |
| 100 | |a Lorenz, Konrad |e autor |9 341123 | ||
| 245 | 1 | 3 | |a La ciencia natural del hombre |
| 246 | 1 | 3 | |a El manuscrito de Rusia 1944 - 1948 |
| 246 | 1 | 0 | |a Introducción al estudio comparado del comportamiento |
| 300 | |a 398 p | ||
| 942 | |c BK | ||
| 945 | |d 19950713 00:00:00 |a awong | ||
| 260 | |a Barcelona |b Tusquets |c 1993 | ||
| 650 | 0 | |a Comportamiento |9 308406 | |
| 650 | 7 | |a COMPORTAMIENTO ANIMAL |2 CL-VaPUC |9 334602 | |
| 650 | 7 | |a PSICOLOGIA COMPARADA |2 CL-VaPUC |9 269754 | |
| 650 | 0 | |a Psicología profunda |9 334257 | |
| 583 | |a last modification |c 19950713 00:00:00 |k Rodrigo Vera | ||
| 490 | 0 | |a Metatemas, 32 | |
| 999 | |c 236256 |d 236254 | ||
| 952 | |0 0 |1 0 |4 0 |6 156_000000000000000_LOR_1993 |7 0 |8 A |9 244270 |a BIBEDU |b BIBEDU |d 2019-11-18 |i 3164640 |o 156 LOR 1993 |p 3164640 |r 2019-11-18 |w 2019-11-18 |y BK |k FIL | ||